000 00936cam a22002771 4500
999 _c127345
_d127345
001 8039715
003 ARRUPE
005 20180111113343.0
008 800905s1968 fr 000 0 fre
010 _a 71445991
015 _aF***
035 _a(OCoLC)6685293
040 _aDLC
_cODaU
_dDLC
041 1 _afreeng
042 _apremarc
050 0 0 _aBT25
_b.K41
100 1 _aKelly, J. N. D.
_q(John Norman Davidson)
_915018
245 1 0 _aInitiation à la doctrine des pères de l'Église,
_cpar J. N. D. Kelly.
_cTraduit de l'anglais par C. Tunmer.
260 _aParis,
_bÉditions du Cerf,
_c1968.
300 _a531 p.
_c23 cm.
500 _aTranslation of Early Christian doctrines.
504 _aIncludes bibliographies.
650 0 _aTheology, Doctrinal
_xHistory
_yEarly church, ca. 30-600.
_93161
906 _a7
_bcbc
_coclcrpl
_du
_encip
_f19
_gy-gencatlg
942 _2lcc
_cMONOGRAPH